Movies Quiz

Random Movies or Quote Quiz

'A' Movies By Quote Quiz Stats

 Plays Quiz Updated Jan 25, 2013

Also try: Movie Quotes
Challenge
Share
Tweet
Embed
Score 0/20 Timer 07:00
1 Play Today
Quote Movie % Correct
Houston, we've got a problem.Apollo 13
90.8%
Provisos? You mean limitations? On wishes? Huh. Some all-powerful Genie. Can't even bring people back from the dead.Aladdin
83%
TOGA! TOGA! Animal House
73.7%
Dr. Banner, your work is unparalleled. And I'm a huge fan of the way you lose control and turn into an enormous green rage monster. The Avengers
65.2%
Sometimes there's so much beauty in the world, I feel like I can't take it, and my heart is just going to cave in. American Beauty
54.3%
The Jabberwock, with eyes aflame, jaws that bait and claws that catch, beware the Jabberwock, my son, the frumious Bandersnatch. He took his vorpal sword in hand...Alice in Wonderland
51%
And you can tell Rolling Stone magazine that my last words were … I’m on drugs!Almost Famous
45.8%
Looks like I picked the wrong week to quit sniffing glue. Airplane!
45.8%
The horror... the horror... Apocalypse Now
39.8%
Danger. The emergency destruct system is now activated. The ship will detonate in 'T' minus ten minutes. Alien
37.3%
Quote Movie % Correct
What? You pooped in the refrigerator? And you ate the whole... wheel of cheese? How'd you do that? Heck, I'm not even mad; that's amazing.Anchorman
34%
I like to dissect girls. Did you know I'm utterly insane? American Psycho
30.1%
You make me want to be a better man. As Good As It Gets
24.9%
Fasten your seatbelts, it's going to be a bumpy night! All About Eve
24.6%
I heard the music of true forgiveness filling the theater, conferring on all who sat there, perfect absolution.Amadeus
20.9%
I don't want to move to a city where the only cultural advantage is being able to make a right turn on a red light. Annie Hall
18.3%
What if I learned Russian or something? Or took up an instrument? I could speak Chinese. I'd be the screenwriter who speaks Chinese and plays the oboe. That would be cool.Adaptation
15.5%
So in the book, I wanted to give Robbie and Cecilia what they lost out on in life. I'd like to think this isn't weakness or... evasion... but a final act of kindness.Atonement
14.8%
I killed two guys, Danny, I killed them. And it didn't make me feel any different. It just got me more lost and I'm tired of being pissed off, Danny. I'm just tired of it. American History X
10%
Look I probably should have told you this before but you see... well... insanity runs in my family... It practically gallops. Arsenic and Old Lace
7.2%

You're not logged in!

Compare scores with friends on all Sporcle quizzes.
Join for Free
OR
Log In

You Might Also Like...

Show Comments

Extras

Top Quizzes Today


Score Distribution

Your Account Isn't Verified!

In order to create a playlist on Sporcle, you need to verify the email address you used during registration. Go to your Sporcle Settings to finish the process.

Report this User

Report this user for behavior that violates our Community Guidelines.

Details: